| 000 | 00432 a2200145 4500 | ||
|---|---|---|---|
| 041 | _aEng | ||
| 082 | _aCD9367 | ||
| 100 | _aPun, Lok Bahadur | ||
| 245 | _aA study of Kham Magar and english kinship terms | ||
| 260 |
_aKathmandu _c2012 |
||
| 502 |
_aDissertation _bDegree in Education _cT.U. |
||
| 650 |
_aLinguistic scenario _aKham Magar language _aKinship terms _aMale & female ego |
||
| 653 | _aEnglish language | ||
| 942 |
_2ddc _cVM |
||
| 999 |
_c67483 _d67469 |
||